Popularne numery rap/trap tygodnia 23-29.04 Spotify. - Statystyki

Ogólne statystyki
  • Ten quiz został rozwiązany 14 razy
  • Średni wynik to 19 z 30
Statystyki odpowiedzi
Wykonawca Odsłuchania Utwór % Poprawnych
Ekipa 530K 3KIPA
100%
Reto 344K Billy Kid
92%
Mata 1.38M Patoreakcja
92%
Sobel 1.36M Bandyta
85%
Alberto 376K Dwutakt
85%
Sobel 2.29M Fiołkowe Pole
85%
Janusz Walczuk 363K Janusz Walczuk
85%
Wiatr, Sobel, Be Vis 577K Testarossa
85%
Quebonafide, Daria Zawiałow 340K BUBBLETEA
77%
Sobel 498K Impreza
77%
Young Leosia 459K Szklanki
77%
Ekipa, Qry 519K ZAEBYŚCIE
77%
Guzior 540K BLUEBERRY
69%
Guzior, Oskar83 445K FALA
69%
Sobel 589K Kinol
69%
OIO 575K Worki W Tłum
69%
Sobel 646K Alien
62%
Kizo, Trill Pem 359K Fitness
62%
Chivas, White 2115 388K Mam Na Twarzy Krew I Tym Razem Nie Jest Sztuczna
62%
Sobel, Young Igi 602K Nie Teraz
54%
Reto 381K Paw
54%
OIO 831K Przypadkiem
54%
Sobel 405K To Ja
54%
Chivas 473K Jakbym Miał W Ręku Klamkę
46%
Sobel 353K Każdego Dnia
38%
Żabson 352K OBOK
38%
Mata 348K Schodki
38%
Sobel 341K Jeden Mały Problem
23%
Sobel 355K Puzzle
23%
Sobel 344K Kapie Deszcz
15%
Nie znaleziono quizów pasujących do podanych kryteriów
Rozkład punktacji
Procent ludzi z każdym wynikiem
Percentyl według liczby udzielonych odpowiedzi
Twoja historia wyników
Nie rozwiązałeś tego quizu